| 000 | 01261cam a2200337 a 4500 | ||
|---|---|---|---|
| 999 |
_c528443 _d528443 |
||
| 001 | 1636143 | ||
| 003 | NUST | ||
| 005 | 20190912110142.0 | ||
| 008 | 960930s1997 nyua b 001 0 eng | ||
| 010 | _a 96036814 | ||
| 020 | _a007046586X (cloth) | ||
| 020 | _a0070465878 (pbk.) | ||
| 038 | _aMSOHAIL | ||
| 040 |
_aDLC _cDLC _dDLC |
||
| 050 | 0 | 4 |
_aTA683.2 _b.N55 1997 |
| 082 | 0 | 0 |
_a624.18341 _221 _bNIL |
| 100 | 1 |
_aNilson, Arthur H. _920244 |
|
| 245 | 1 | 0 |
_aDesign of concrete structures / _cArthur H. Nilson ; with contributions by David Darwin. |
| 250 | _a12th ed. | ||
| 260 |
_aNew York : _bMcGraw-Hill, _cc1997. |
||
| 300 |
_axvii, 780 p. : _bill. ; _c24 cm. |
||
| 504 | _aIncludes bibliographical references and index. | ||
| 650 | 0 |
_aReinforced concrete construction. _9653 |
|
| 650 | 0 |
_aPrestressed concrete construction. _920245 |
|
| 700 | 1 |
_aDarwin, David. _920246 |
|
| 856 | 4 | 2 |
_3Publisher description _uhttp://www.loc.gov/catdir/description/mh022/96036814.html |
| 856 | 4 | 1 |
_3Table of contents _uhttp://www.loc.gov/catdir/toc/mh022/96036814.html |
| 906 |
_a7 _bcbc _corignew _d1 _eocip _f19 _gy-gencatlg |
||
| 942 |
_2ddc _cBK |
||